| 000 | 00378nam a22001457a 4500 | ||
|---|---|---|---|
| 008 | 250915b |||||||| |||| 00| 0 eng d | ||
| 020 | _a9781599795461 | ||
| 050 |
_aRM222.2 _b.C65 |
||
| 100 | _aColbert Don | ||
| 245 | _aDr Colbert's "I CAN DO THIS DIET" | ||
| 260 |
_aFlorida _bSiloam _c2010 |
||
| 300 |
_ax,309p. _bill. |
||
| 650 |
_aReducing diets _vWeight loss |
||
| 942 | _cBK | ||
| 999 |
_c4481 _d4481 |
||